Kumar and Clark's clinical medicine (Record no. 83502)

MARC details
000 -LEADER
fixed length control field 00778 a2200265 4500
003 - CONTROL NUMBER IDENTIFIER
control field CBULib
005 - DATE AND TIME OF LATEST TRANSACTION
control field 20231206125656.0
008 - FIXED-LENGTH DATA ELEMENTS--GENERAL INFORMATION
fixed length control field 231206b |||||||| |||| 00| 0 eng d
020 ## - INTERNATIONAL STANDARD BOOK NUMBER
International Standard Book Number 9780702078682
040 ## - CATALOGING SOURCE
Language of cataloging English
Transcribing agency CBULib
Description conventions rda
041 ## - LANGUAGE CODE
Language code of text/sound track or separate title eng
050 ## - LIBRARY OF CONGRESS CALL NUMBER
Classification number RC 46 Fea
100 1# - MAIN ENTRY--PERSONAL NAME
Personal name Feather, Adam
9 (RLIN) 1285
245 ## - TITLE STATEMENT
Title Kumar and Clark's clinical medicine
Statement of responsibility, etc / by Adam Feather; David Randall; and Mona Waterhouse
250 ## - EDITION STATEMENT
Edition statement Tenth edition.
260 ## - PUBLICATION, DISTRIBUTION, ETC. (IMPRINT)
Name of publisher, distributor, etc Elsevier,
Date of publication, distribution, etc 2021
Place of publication, distribution, etc London :
300 ## - PHYSICAL DESCRIPTION
Extent xix, 1544 pages
336 ## - CONTENT TYPE
Source rdacontent
Content type term Text |
Content type code txt
337 ## - MEDIA TYPE
Source rdamedia
Media type term Unmediated |
Media type code n
338 ## - CARRIER TYPE
Source rdacarrier
Carrier type term Volume
Carrier type code nc
504 ## - BIBLIOGRAPHY, ETC. NOTE
Bibliography, etc Includes an index
650 #0 - SUBJECT ADDED ENTRY--TOPICAL TERM
9 (RLIN) 1286
Topical term or geographic name as entry element CLINICAL MEDICINE
650 #0 - SUBJECT ADDED ENTRY--TOPICAL TERM
9 (RLIN) 1287
Topical term or geographic name as entry element INTERNET RESOURCES
942 ## - ADDED ENTRY ELEMENTS (KOHA)
Source of classification or shelving scheme
Koha item type MONOGRAPH
Holdings
Withdrawn status Lost status Source of classification or shelving scheme Damaged status Not for loan Collection code Permanent Location Current Location Shelving location Date acquired Source of acquisition Total Checkouts Full call number Barcode Date last seen Copy number Price effective from Koha item type
          Michael Chilufya Sata Collection CBU-MICHAEL CHILUFYA SATA LIBRARY CBU-MAIN LIBRARY, KITWE. General Stacks 12/06/2023 Book Aid International   RC 46 Fea 905356 12/06/2023 1 12/06/2023 MONOGRAPH
          Medical Library Collection CBU-SCHOOL OF MEDICINE LIBRARY, NDOLA. CBU-MAIN LIBRARY, KITWE. General Stacks 12/06/2023 Book Aid International   RC 46 Fea 905408 12/06/2023 2 12/06/2023 MONOGRAPH